| 000 | 00344nam a22001337a 4500 | ||
|---|---|---|---|
| 020 | _a9781564588685 | ||
| 040 | _cNUST | ||
| 082 | _a745.92 PAC | ||
| 100 |
_aPacker, Jane _988496 |
||
| 245 | _aThe Complete Guide To Flower Arranging | ||
| 260 |
_aLondon: _b DK Publishing, _c1995. |
||
| 650 |
_a Flower arrangement. _988497 |
||
| 942 |
_2ddc _cBK |
||
| 999 |
_c587643 _d587643 |
||